00853nam a2200217 4500001000700000003000900007005001700016007000300033008004100036100003100077245010000108260004900208300003000257500005900287700004200346700002800388710004800416852003100464999001900495952012100514136035ES-MaACL20230906195024.0t|070214s1953 sp r ||||1| spa d1 aRoviralta, Emilio.910016313aLa ectopia gástrica parcial en el niño / cEmilio Roviralta, Juan Picañol, Jaime Suñol. aBarcelona : bCientífico Médica, c1953. a157 p. : bil. ; c22 cm. aPrecede al Tit : Instituto Policlínico de Barcelona.1 aPicañol i Peiratáo, Joan.91311241 aSuñol, Jaime.91088002 aInstituto Policlínico de Barcelona.95208 aES-MaACLjD-8634 bR.33281 c136035d136035 00104070aATENEOMbATENEOMcSVId2008-01-17eSCl0oD-8634p901141582r2023-02-23 00:00:00w2023-02-23yMONOGRAFIA